[Event "Stay Safe Play From Home 297"]
[Site "Emanuel Lasker Arena"]
[Date "2020.07.14"]
[Round "2"]
[White "Little champs"]
[Black "Broken sword"]
[Result "0-1"]
[WhiteElo "2271"]
[BlackElo "2425"]
[Annotator "RC"]
[PlyCount "124"]
[EventDate "2020.07.14"]
[EventType "swiss (blitz)"]

1. d4 {[%emt 0:00:02]} d5 {[%emt 0:00:00]} 2. e3 {[%emt 0:00:00]} c5 {[%emt 0:00:01]} 3. Nf3 {[%emt 0:00:00]} Nc6 {[%emt 0:00:00]} 4. dxc5 {[%emt 0:00:00]} Nf6 {[%emt 0:00:01]} 5. c4 {[%emt 0:00:00]} e6 {[%emt 0:00:02]} 6. cxd5 {[%emt 0:00:00]} Qxd5 {[%emt 0:00:01]} 7. Be2 {[%emt 0:00:00]} Bxc5 {[%emt 0:00:02]} 8. Qxd5 {[%emt 0:00:01]} Nxd5 {[%emt 0:00:01]} 9. a3 {[%emt 0:00:00]} a5 {[%emt 0:00:01]} 10. Nbd2 {[%emt 0:00:01]} O-O {[%emt 0:00:01]} 11. Ne4 {[%emt 0:00:00]} Be7 {[%emt 0:00:01]} 12. O-O {[%emt 0:00:01]} b6 {[%emt 0:00:00]} 13. Rd1 {[%emt 0:00:01]} Bb7 {[%emt 0:00:01]} 14. Ng3 {[%emt 0:00:01]} Rfd8 {[%emt 0:00:01]} 15. Bd2 {[%emt 0:00:01]} Rac8 {[%emt 0:00:00]} 16. Be1 {[%emt 0:00:01]} Nf6 {[%emt 0:00:01]} 17. Rac1 {[%emt 0:00:01]} a4 {[%emt 0:00:01]} 18. Bb5 {[%emt 0:00:01]} Rxd1 {[%emt 0:00:01]} 19. Rxd1 {[%emt 0:00:01]} Na5 {[%emt 0:00:00]} 20. Bxa5 {[%emt 0:00:02]} bxa5 {[%emt 0:00:00]} 21. Bxa4 {[%emt 0:00:00]} Bd5 {[%emt 0:00:01]} 22. h3 {[%emt 0:00:03]} Rb8 {[%emt 0:00:01]} 23. Rd2 {[%emt 0:00:01]} h6 {[%emt 0:00:02]} 24. Ne5 {[%emt 0:00:01]} Bd6 {[%emt 0:00:01]} 25. Nd7 {[%emt 0:00:02]} Nxd7 {[%emt 0:00:01]} 26. Bxd7 {[%emt 0:00:01]} Bxg3 {[%emt 0:00:00]} 27. fxg3 {[%emt 0:00:01]} Rb3 {[%emt 0:00:00]} 28. Kf2 {[%emt 0:00:01]} Kf8 {[%emt 0:00:00]} 29. Ba4 {[%emt 0:00:02]} Rb6 {[%emt 0:00:01]} 30. Bd1 {[%emt 0:00:01]} Ke7 {[%emt 0:00:02]} 31. Bf3 {[%emt 0:00:00]} Bb3 {[%emt 0:00:00]} 32. g4 {[%emt 0:00:01]} g6 {[%emt 0:00:02]} 33. e4 {[%emt 0:00:01]} e5 {[%emt 0:00:01]} 34. Ke3 {[%emt 0:00:00]} Be6 {[%emt 0:00:01]} 35. Bd1 {[%emt 0:00:01]} Kf6 {[%emt 0:00:03]} 36. Be2 {[%emt 0:00:01]} Rb3+ {[%emt 0:00:02]} 37. Bd3 {[%emt 0:00:01]} Kg5 {[%emt 0:00:01]} 38. Ke2 {[%emt 0:00:01]} Kh4 {[%emt 0:00:01]} 39. Kf2 {[%emt 0:00:02]} h5 {[%emt 0:00:01]} 40. gxh5 {[%emt 0:00:01]} gxh5 {[%emt 0:00:01]} 41. Be2 {[%emt 0:00:02]} Kg5 {[%emt 0:00:02]} 42. g3 {[%emt 0:00:01]} Bxh3 {[%emt 0:00:02]} 43. Rc2 {[%emt 0:00:01]} Be6 {[%emt 0:00:01]} 44. Bf1 {[%emt 0:00:03]} Kf6 {[%emt 0:00:01]} 45. Be2 {[%emt 0:00:01]} Kg5 {[%emt 0:00:01]} 46. Rc5 {[%emt 0:00:01]} Rxb2 {[%emt 0:00:01]} 47. Rxe5+ {[%emt 0:00:01]} Kf6 {[%emt 0:00:00]} 48. Rxa5 {[%emt 0:00:02]} Bc4 {[%emt 0:00:01]} 49. Ke3 {[%emt 0:00:02]} Bxe2 {[%emt 0:00:01]} 50. Ra8 {[%emt 0:00:01]} Bg4 {[%emt 0:00:01]} 51. a4 {[%emt 0:00:00]} Rb3+ {[%emt 0:00:00]} 52. Kd4 {[%emt 0:00:01]} Rxg3 {[%emt 0:00:01]} 53. a5 {[%emt 0:00:01]} Ra3 {[%emt 0:00:00]} 54. a6 {[%emt 0:00:00]} Bf3 {[%emt 0:00:00]} 55. a7 {[%emt 0:00:01]} Ra4+ {[%emt 0:00:01]} 56. Kc5 {[%emt 0:00:01]} Bxe4 {[%emt 0:00:00]} 57. Kb5 {[%emt 0:00:01]} Bxa8 {[%emt 0:00:01]} 58. Kxa4 {[%emt 0:00:01]} h4 {[%emt 0:00:00]} 59. Kb5 {[%emt 0:00:00]} h3 {[%emt 0:00:00]} 60. Kb6 {[%emt 0:00:00]} h2 {[%emt 0:00:00]} 61. Kc7 {[%emt 0:00:00]} h1=Q {[%emt 0:00:00]} 62. Kb8 {[%emt 0:00:00]} Qb7# {[%emt 0:00:01] (Lag: Av=0.58s, max=1.7s)} 0-1

[Event "Stay Safe Play From Home 297"]
[Site "Emanuel Lasker Arena"]
[Date "2020.07.14"]
[Round "2"]
[White "Toosieslide"]
[Black "Lamborghini"]
[Result "0-1"]
[WhiteElo "2263"]
[BlackElo "2144"]
[Annotator "TA"]
[PlyCount "94"]
[EventDate "2020.07.14"]
[EventType "swiss (blitz)"]

{[%evp 15,93,43,41,14,13,-74,-74,-70,-77,-75,-78,-69,-63,-76,-35,-52,-39,-83,-68,-116,-111,-223,-115,-200,-183,-329,-261,-250,-62,-39,68,-309,-302,-316,224,-108,-120,-112,-119,-108,-108,-129,-116,-149,-156,-142,-131,-243,-253,-248,-258,-258,-77,-128,-116,-72,-48,-103,-47,-47,-47,-47,-47,-47,-47,-47,-47,-47,-47,-373,-373,-2941,-3469,-1288,-198,-29974,-29975,-29974,-29968,-29999]} 1. d4 Nf6 2. c4 g6 3. g3 Bg7 4. Bg2 O-O 5. Nf3 c6 6. O-O d6 7. Nc3 Qa5 8. Bd2 Qh5 {8...Qa6 gains popularity.} 9. e4 {E62: King's Indian: Fianchetto: 6...c6 and Panno Variation (6...Nc6) without ...a6.} Bg4 {[#]} 10. h3 $146 (10. Qe2 $11 {remains equal.}) ({Predecessor:} 10. Qe2 Nbd7 11. Qe3 Bh3 12. Qg5 Bxg2 13. Kxg2 Qxg5 14. Bxg5 h6 15. Bxf6 Bxf6 16. Rad1 Rfd8 {½-½ (36) Barreto Bastidas,J (1718)-Velasquez Cristancho,J (1731) Caracas 2019}) 10... Bxh3 $17 11. Ng5 {Black is better.} Qxd1 12. Raxd1 Bxg2 13. Kxg2 h6 14. Nf3 a5 15. Rh1 h5 16. Ng5 e5 17. Ne2 Nbd7 18. f4 (18. dxe5 $17 Nxe5 19. b3) 18... a4 (18... exd4 $19 19. Nxd4 Nc5) 19. Bc3 (19. c5 $17 {was necessary.}) 19... Rfe8 $19 20. Nf3 (20. Kf3 {was worth a try.}) 20... Nxe4 21. dxe5 Nxc3 $2 (21... Nb6 $19 22. c5 dxc5) 22. Nxc3 $15 a3 ({Better is} 22... Nb6 $15 23. Rxd6 Nxc4) 23. b3 $2 {[%mdl 8192]} (23. Rxd6 $14 {was forced to keep a grip.} Nc5 24. b4) 23... dxe5 $19 24. Rxd7 e4 $4 {[%mdl 8192]} (24... exf4 $19 {avoids the disaster.} 25. Rc1 Bxc3) 25. Nxe4 $2 (25. Ne5 $1 $18) 25... Rxe4 $17 26. Re1 Rxe1 27. Nxe1 {[%mdl 4096] Endgame KRB-KRN} b5 28. cxb5 cxb5 29. Rd5 b4 30. Nd3 Bc3 31. Rb5 (31. Kf3 $17) 31... Rd8 $19 32. Nxb4 {intending Nd5.} Rd2+ 33. Kf3 Bxb4 $2 (33... Kg7 $19 {and Black stays clearly on top.} 34. Rb7 Bxb4 35. Rxb4 Rxa2) 34. Rxb4 $17 Rxa2 $19 {Hoping for ...Ra1. KR-KR} 35. Ra4 Ra1 36. b4 a2 ({Black should play} 36... Kf8 $1 $17 {And now ...a2 would win.} 37. Ra7 Ke8) 37. Kg2 $1 $15 Kg7 38. b5 Kf6 {aiming for ...Ke6.} 39. b6 Rb1 40. Rxa2 Rxb6 41. Rf2 Kf5 {White must now prevent ...Kg4.} 42. Re2 $2 {[%mdl 8192] [#]} ({Only move:} 42. Kh3 $1 $15) 42... Kg4 $1 $19 43. Kh2 $2 (43. f5 g5 44. f6) 43... Rb3 44. Rg2 f6 $2 (44... Rf3 {Threatens to win with ...h4.} 45. f5 Rxf5) 45. Rg1 $2 {[#]} (45. Rc2 $19) 45... Rb2+ $1 {Black mates.} 46. Kh1 Kh3 {[%csl Gh3][%cal Rb2h2]} 47. f5 Rh2# {Accuracy: White = 32%, Black = 58%.} 0-1

[Event "Stay Safe Play From Home 297"]
[Site "Emanuel Lasker Arena"]
[Date "2020.07.14"]
[Round "2"]
[White "SoulofWolf"]
[Black "NTBT_DHS"]
[Result "0-1"]
[WhiteElo "2148"]
[BlackElo "1620"]
[Annotator "TA"]
[PlyCount "42"]
[EventDate "2020.07.14"]
[EventType "swiss (blitz)"]

{[%evp 10,41,-2,-10,18,35,45,26,37,8,17,16,18,20,26,10,9,14,36,0,37,43,41,28,35,0,154,143,145,97,138,132,173,-29999]} 1. d4 Nf6 2. Nf3 g6 3. Bg5 Bg7 4. Nbd2 O-O 5. e4 d6 6. Bd3 Nc6 {A48: 1 d4 Nf6 2 Nf3 g6: Torre, London and Colle Systems.} 7. h3 e5 8. c3 h6 {White has an edge.} 9. Bh4 {[#]} Bd7 $146 ({Predecessor:} 9... Qe8 10. dxe5 Nxe5 11. Nxe5 dxe5 12. O-O Nh5 13. Re1 Be6 14. Bf1 Bf6 15. Bxf6 Nxf6 16. Nf3 Bd7 17. Qc1 Kg7 18. Qe3 {½-½ (18) Deepan Chakkravarthy,J (2509)-G,A (2345) Mumbai 2014}) 10. O-O Qc8 11. d5 {[#] And now Bxf6 would win.} Ne7 {[%cal Bc6e7,Be7g6,Bg6f4][%mdl 32]} 12. Rc1 g5 13. Bg3 Ng6 14. Bb1 Nf4 15. Bxf4 gxf4 16. Re1 Kh7 17. Nf1 Bxh3 $2 (17... Rg8 $11) 18. gxh3 $16 Qxh3 19. N1h2 Rg8 {( -> ...Bh8+)} 20. Kh1 Ng4 {[#]} 21. Rg1 $4 {[%mdl 8192]} (21. Ng5+ $1 $18 {[%mdl 512]} hxg5 22. Qxg4 Qxg4 23. Nxg4) 21... Nxf2# {Accuracy: White = 53%, Black = 55%.} 0-1

[Event "Stay Safe Play From Home 297"]
[Site "Emanuel Lasker Arena"]
[Date "2020.07.14"]
[Round "2"]
[White "Fischer_11"]
[Black "Sfantul321"]
[Result "0-1"]
[WhiteElo "2112"]
[BlackElo "1955"]
[Annotator "NA RC"]
[PlyCount "98"]
[EventDate "2020.07.14"]
[EventType "swiss (blitz)"]

1. e4 {[%emt 0:00:02]} g6 {[%emt 0:00:00]} 2. d4 {[%emt 0:00:01]} Bg7 {[%emt 0:00:00]} 3. Nc3 {[%emt 0:00:00]} d6 {[%emt 0:00:00]} 4. Bg5 {[%emt 0:00:00]} Nf6 {[%emt 0:00:00]} 5. Qd2 {[%emt 0:00:01]} h6 {[%emt 0:00:00]} 6. Bh4 {[%emt 0:00:01]} O-O {[%emt 0:00:01]} 7. O-O-O {[%emt 0:00:02]} g5 {[%emt 0:00:01]} 8. Bg3 {[%emt 0:00:01]} Nc6 {[%emt 0:00:01]} 9. f4 {[%emt 0:00:01]} g4 {[%emt 0:00:02]} 10. e5 {[%emt 0:00:01]} Nd7 {[%emt 0:00:01]} 11. Be2 {[%emt 0:00:05]} e6 {[%emt 0:00:02]} 12. Bxg4 {[%emt 0:00:03]} dxe5 {[%emt 0:00:02]} 13. dxe5 {[%emt 0:00:01]} Qe7 {[%emt 0:00:01]} 14. Bf3 {[%emt 0:00:04]} Nb6 {[%emt 0:00:01]} 15. Bxc6 {[%emt 0:00:01]} bxc6 {[%emt 0:00:01]} 16. Nf3 {[%emt 0:00:00]} Ba6 {[%emt 0:00:01]} 17. Ne4 {[%emt 0:00:01]} Rad8 {[%emt 0:00:02]} 18. Qc3 {[%emt 0:00:02]} Be2 {[%emt 0:00:02]} 19. Rxd8 {[%emt 0:00:03]} Rxd8 {[%emt 0:00:01]} 20. Re1 {[%emt 0:00:00]} Bxf3 {[%emt 0:00:01]} 21. Qxf3 {[%emt 0:00:00]} Nd5 {[%emt 0:00:02]} 22. Nc3 {[%emt 0:00:03]} Qb4 {[%emt 0:00:02]} 23. Nxd5 {[%emt 0:00:03]} cxd5 {[%emt 0:00:01]} 24. a3 {[%emt 0:00:01]} Qa5 {[%emt 0:00:01]} 25. Qc3 {[%emt 0:00:02]} Qb6 {[%emt 0:00:01]} 26. Re2 {[%emt 0:00:04]} c5 {[%emt 0:00:01]} 27. Bf2 {[%emt 0:00:01]} d4 {[%emt 0:00:01]} 28. Qc4 {[%emt 0:00:01]} Qc7 {[%emt 0:00:04]} 29. b3 {[%emt 0:00:01]} Bf8 {[%emt 0:00:02]} 30. a4 {[%emt 0:00:01]} Qa5 {[%emt 0:00:01]} 31. g4 {[%emt 0:00:01]} Kh7 {[%emt 0:00:04]} 32. f5 {[%emt 0:00:01]} Re8 {[%emt 0:00:02]} 33. h4 {[%emt 0:00:02]} Qd8 {[%emt 0:00:02]} 34. Qd3 {[%emt 0:00:02]} Kg8 {[%emt 0:00:01]} 35. fxe6 {[%emt 0:00:01]} Rxe6 {[%emt 0:00:01]} 36. g5 {[%emt 0:00:01]} hxg5 {[%emt 0:00:01]} 37. hxg5 {[%emt 0:00:00]} Qxg5+ {[%emt 0:00:01]} 38. Qd2 {[%emt 0:00:01]} Rxe5 {[%emt 0:00:01]} 39. Qxg5+ {[%emt 0:00:01]} Rxg5 {[%emt 0:00:00]} 40. b4 {[%emt 0:00:00]} cxb4 {[%emt 0:00:01]} 41. Bxd4 {[%emt 0:00:01]} b3 {[%emt 0:00:00]} 42. c3 {[%emt 0:00:01]} Rg1+ {[%emt 0:00:01]} 43. Kb2 {[%emt 0:00:00]} Rg2 {[%emt 0:00:01]} 44. Rxg2+ {[%emt 0:00:02]} Kh7 {[%emt 0:00:00]} 45. Kxb3 {[%emt 0:00:00]} f6 {[%emt 0:00:01]} 46. Kc2 {[%emt 0:00:00]} Bc5 {[%emt 0:00:01]} 47. Rh2+ {[%emt 0:00:00]} Kg6 {[%emt 0:00:01]} 48. Rg2+ {[%emt 0:00:00]} Kf5 {[%emt 0:00:00]} 49. Bxc5 {[%emt 0:00:00]} Ke4 {[%emt 0:00:01]} 0-1

[Event "Stay Safe Play From Home 297"]
[Site "Emanuel Lasker Arena"]
[Date "2020.07.14"]
[Round "2"]
[White "Bardellosport"]
[Black "NeatFox"]
[Result "1-0"]
[WhiteElo "2030"]
[BlackElo "1873"]
[Annotator "TA"]
[PlyCount "111"]
[EventDate "2020.07.14"]
[EventType "swiss (blitz)"]

{[%evp 9,110,0,19,-33,-22,-33,-14,-16,-8,-16,1,-58,31,38,75,-140,0,-54,-39,-14,40,4,4,0,0,-49,-49,-59,-22,-27,-18,-74,-18,-56,3,0,0,-72,-88,-91,-91,-80,-38,-616,-329,-337,143,144,136,141,208,57,154,0,75,0,158,0,0,-8,0,0,1294,1290,1248,1135,29989,29990,29990,1270,9888,6309,29992,29993,29994,29990,29993,29991,29996,29993,29995,29995,29996,29995,29995,29995,29995,29996,29996,29997,29997,29998,29998,29999,29999,29999,29999,29999,29999,29999,29999,29999,29999]} 1. d4 Nf6 2. e3 d5 3. f4 e6 4. Nf3 Ne4 5. Bd3 Nd7 6. Bxe4 {D00: 1 d4 d5: Unusual lines.} (6. c4 $11) 6... dxe4 $15 7. Ne5 Nxe5 8. fxe5 {[#] The position is equal.} f5 $146 ({Predecessor:} 8... Qh4+ 9. g3 Qh3 10. Qe2 Bd7 11. Rf1 Be7 12. Bd2 f5 13. exf6 gxf6 14. c4 f5 {0-1 (51) Wyss,W (2210)-Proietti,G Palocco 1997}) 9. exf6 Qxf6 10. Qe2 (10. Nd2 $11) 10... Qg6 (10... Bd6 $15 11. Nd2 Qh4+ 12. Qf2 Qxf2+ 13. Kxf2 O-O+ 14. Kg1 b6 15. Nxe4 Be7) 11. O-O $14 Bd6 12. g3 $2 (12. b3 $16 {keeps the pressure on.}) 12... Rf8 ({Black should play} 12... h5 $1 $17 13. Kh1 h4) 13. c4 ({White should try} 13. b3 $11) 13... Rxf1+ (13... e5 {keeps more tension.} 14. Rxf8+ Bxf8 15. d5 Bg4 16. Qe1 O-O-O) 14. Qxf1 Qf6 (14... Bd7 $11) 15. Qxf6 (15. Nc3 {with more complications.} Qxf1+ 16. Kxf1 Kd7 17. Nxe4 b6 18. a4) 15... gxf6 16. Nc3 f5 17. c5 Be7 18. Bd2 Bf6 19. Rf1 Ke7 20. Kg2 (20. Nb5 $11 {was the only way to keep the balance.}) 20... c6 (20... b6 $17) 21. b4 a6 (21... b6 $15) 22. a4 Bd7 23. b5 (23. Ne2 $11 {keeps the balance.}) 23... axb5 $17 24. axb5 cxb5 25. Rb1 Bc6 26. Nxb5 $2 {[%mdl 8192]} (26. Kf2 $15) 26... Bxb5 27. Rxb5 $15 {[%mdl 4096] Endgame [#] KRB-KRB} Kd7 $2 (27... Ra2 $1 $19 28. Rxb7+ Ke8) 28. Rxb7+ $16 Kc6 29. Rb6+ Kd5 (29... Kd7 $16 {was necessary.}) 30. Be1 $2 (30. Rd6+ $18 Kc4 31. c6 (31. Rxe6 Bxd4 32. exd4 Ra2 $16)) 30... Ra2+ (30... Be7 $1 $14) 31. Bf2 $2 (31. Kf1 $16) 31... Bg5 {[#]} (31... Be7 $11) 32. Rd6+ $1 Kc4 {And now ...Bxe3 would win.} 33. Kf1 $2 (33. c6 $16 Rc2 34. d5 exd5 35. c7) 33... Ra1+ $11 34. Be1 {Strongly threatening c6.} Bxe3 35. c6 {Hoping for c7.} Bd2 $2 {[%mdl 8192] Black is now going downhill.} (35... Kd3 $11 36. d5 exd5 37. Rxd5+ Bd4) 36. c7 $18 Rxe1+ {KRB-KR} 37. Kf2 Rc1 38. c8=Q+ {[%mdl 64] Double Attack} Kd3 39. Qxe6 (39. Qa6+ $142 Kc3 40. Qa5+ Kd3 41. Qb5+ Kc2 42. Rc6+ Bc3 43. Qe2+ Kb3 44. Qc4+ Kb2 45. Rb6+ Kc2 46. Qe2+ Bd2 47. Rc6+ Kb3 48. Qb5+ Bb4 49. Rxc1) 39... e3+ 40. Kg2 Re1 41. Qxf5+ {[%mdl 64] Double Attack. White mates.} Ke2 42. Re6 Kd1 43. Qf3+ e2 44. d5 Rf1 45. Qxe2+ Kc1 46. Qxf1+ Kc2 47. d6 Kc3 48. d7 h6 49. d8=Q Bg5 50. Qfd3+ Kb4 51. Rb6+ Kc5 52. Q3d6+ Kc4 53. Rb4+ Kc3 54. Qd4+ Kc2 55. Rb2+ Kc1 56. Qc3# {Accuracy: White = 45%, Black = 26%.} 1-0

[Event "Stay Safe Play From Home 297"]
[Site "Emanuel Lasker Arena"]
[Date "2020.07.12"]
[Round "2"]
[White "Lazieri3"]
[Black "Buzaglo"]
[Result "1-0"]
[WhiteElo "2000"]
[BlackElo "1767"]
[Annotator "TA"]
[PlyCount "161"]
[EventDate "2020.07.12"]
[EventType "swiss (blitz)"]

{[%evp 9,160,-30,-32,-34,-34,-35,-22,-25,-17,-31,-27,-46,-27,-52,-31,-45,-22,-50,-6,-40,-4,-24,-16,-17,72,-13,0,-23,-24,-30,95,86,87,75,75,75,78,78,84,70,67,59,150,117,127,91,223,204,250,243,238,119,217,83,62,61,83,54,89,89,88,84,54,6,8,0,0,0,0,0,0,0,8,8,913,846,1458,1410,29987,29988,29988,29989,29989,29990,29990,29991,29991,29988,29990,29991,29991,29976,29976,29977,29977,29978,29979,29980,29980,29981,29981,29982,29982,29982,29983,29983,29989,29988,29989,29989,29990,29987,29987,29986,29986,29987,29987,29987,29987,29988,29988,29988,29988,29988,29988,29989,29989,29989,29990,29989,29991,29990,29990,29989,29991,29992,29994,29993,29993,29994,29994,29994,29994,29995,29995,29996,29996,29997,29997,29998,29998,29999,29999]} 1. e4 e6 2. Nf3 d5 3. Nc3 d4 4. Ne2 c5 5. d3 Nc6 6. g3 {C00: French: Unusual White 2nd moves.} Be7 7. Bg2 e5 8. O-O {The position is equal.} Nf6 9. h3 O-O {[#]} 10. Kh2 $146 ({Predecessor:} 10. Nh4 Re8 11. a3 a5 12. f4 Ra6 13. Nf3 exf4 14. gxf4 Nh5 15. Qe1 a4 16. Kh1 {0-1 (34) Tasic,V (2424)-Florian,J (2415) ICCF email 2013}) 10... Bd6 11. Nfg1 h6 12. f4 exf4 13. Bxf4 Bxf4 14. Nxf4 (14. gxf4 {seems wilder.} Be6 15. c4 dxc3 16. bxc3 Qc7 17. Ng3) 14... Ne5 15. Nf3 Nxf3+ 16. Qxf3 Qb6 (16... Nd7 $11) 17. b3 (17. e5 $16 Nh7 18. Rab1) 17... Nd7 18. Nd5 Qd6 19. Qf4 Qxf4 (19... Ne5 $11 {remains equal.}) 20. gxf4 $16 ({Of course not} 20. Nxf4 $6 Ne5 $11) 20... Nb6 21. Nxb6 axb6 22. a4 Bd7 23. e5 $36 {[%mdl 2048] White has strong initiative.} Bc6 24. Bxc6 bxc6 {[%mdl 4096] Endgame KRR-KRR} 25. Kg3 b5 (25... f6 $14) 26. axb5 cxb5 27. Kf3 Rfc8 (27... f5 $16 {might work better.}) 28. Ke4 Rd8 29. Rxa8 Rxa8 $18 {[#] KR-KR} 30. b4 $1 {[%mdl 512]} Rc8 (30... cxb4 $16 31. Rb1 (31. Kxd4 Rc8 $16) 31... Ra2) 31. Rf2 (31. bxc5 $18 {is the precise move to win.} Rxc5 32. Rf2 (32. Kxd4 Rxc2 33. f5 Kf8 $16)) 31... cxb4 $16 32. Kxd4 Kf8 33. Ke4 Ke7 34. d4 Rc3 35. f5 Rxh3 36. d5 {[#] Threatens to win with d6+.} Rh4+ $1 37. Rf4 Rh2 38. Kd3 Rh3+ 39. Kd2 Rh2+ 40. Kd3 Rh3+ 41. Kd4 {aiming for d6+.} Rc3 $2 {[%mdl 8192] White stays focused until the end.} (41... b3 $11 42. cxb3 Rxb3 43. f6+ gxf6 44. Rxf6 h5) 42. d6+ $18 Kd7 43. Kd5 Rxc2 44. e6+ {White mates.} fxe6+ 45. fxe6+ Kc8 46. Rf8+ Kb7 47. e7 Rd2+ 48. Ke4 Re2+ 49. Kd3 Re6 50. e8=Q Rxe8 51. Rxe8 {KR-KP} Kc6 52. Rg8 Kxd6 53. Rxg7 {KR-K3P} Kc5 54. Rh7 b3 55. Kc3 b2 56. Kxb2 Kb4 57. Rxh6 {KR-KP} Ka4 58. Rh4+ b4 59. Rh5 b3 60. Rh4+ Kb5 61. Kxb3 {KR-K} Kc5 62. Kc3 Kd5 63. Ra4 Ke5 64. Kd3 Kd6 65. Kc4 Ke6 66. Ra5 Kd6 67. Rh5 Ke6 68. Kd4 Kf6 69. Ke4 Kg6 70. Ra5 Kf6 71. Rb5 Kg6 72. Kf4 Kh6 73. Rb6+ Kg7 74. Kf5 Kf7 75. Rb7+ Ke8 76. Ke6 {[%cal Rb7b8]} Kd8 77. Rh7 Kc8 78. Kd6 Kb8 79. Kc6 Ka8 80. Kb6 {[%cal Rh7h8]} Kb8 81. Rh8# {Accuracy: White = 75%, Black = 54%.} 1-0

[Event "Stay Safe Play From Home 297"]
[Site "Emanuel Lasker Arena"]
[Date "2020.07.12"]
[Round "2"]
[White "Chesstiger9"]
[Black "W Nelles"]
[Result "1-0"]
[WhiteElo "1942"]
[BlackElo "1348"]
[Annotator "TA"]
[PlyCount "51"]
[EventDate "2020.07.12"]
[EventType "swiss (blitz)"]

{[%evp 9,51,0,0,-15,16,-39,8,-10,15,8,20,18,36,22,35,39,47,22,18,0,71,4,5,0,95,106,132,127,285,289,287,285,306,308,728,727,786,774,1102,1101,1183,1171,1197,1177]} 1. d4 d5 2. Nf3 Nc6 3. Bf4 Bf5 4. Nc3 e6 5. e3 Bd6 6. a3 {[#] D02: 1 d4 d5 2 Nf3 sidelines, including 2...Nf6 3 g3 and 2...Nf6 3 Bf4.} Nge7 $146 ({Predecessor:} 6... a6 7. Bxd6 Qxd6 8. Be2 Nf6 9. Na4 b6 10. Bd3 Bg4 11. h3 Bxf3 12. Qxf3 e5 {½-½ (56) Ott,P (1588)-Thys,H (1766) ICCF email 2018}) 7. Bd3 (7. Bxd6 $11 Qxd6 8. Bd3) 7... h6 8. h3 {The position is equal.} g5 (8... Bxf4 {is more complex.} 9. exf4 f6 10. O-O Qd6 11. Re1 O-O-O) 9. Bxd6 Qxd6 10. Bxf5 exf5 11. Qd3 Qg6 12. O-O-O O-O-O 13. Qb5 f4 14. Rhe1 h5 (14... fxe3 $11 15. Rxe3 a6) 15. Ne5 (15. exf4 $16 a6 16. Qe2) 15... Nxe5 $11 16. dxe5 Qc6 (16... fxe3 $11 {remains equal.} 17. fxe3 Qe6) 17. Qxc6 $16 Nxc6 18. Nxd5 Kb8 $2 {[#] This costs Black the game.} (18... fxe3 $16 {was necessary.} 19. Rxe3 (19. Nxe3 Nxe5 20. Nd5 Ng6 $11) 19... Rhe8) 19. exf4 $18 gxf4 20. Nxf4 Rxd1+ 21. Kxd1 Nxe5 $2 (21... Nd8 22. Kd2 Kc8) 22. Rxe5 {KRN-KR. White is clearly winning.} Rd8+ 23. Ke2 f6 24. Rxh5 Re8+ 25. Kf3 a6 26. Rf5 {Accuracy: White = 71%, Black = 39%.} 1-0

[Event "Stay Safe Play From Home 297"]
[Site "Emanuel Lasker Arena"]
[Date "2020.07.12"]
[Round "2"]
[White "Patzeroglu"]
[Black "Mepe_Nika"]
[Result "0-1"]
[WhiteElo "1909"]
[BlackElo "2435"]
[Annotator "TA"]
[PlyCount "90"]
[EventDate "2020.07.12"]
[EventType "swiss (blitz)"]

{[%evp 14,90,-1,-12,0,-6,13,0,0,-6,5,0,0,-10,-1,-15,25,20,24,-27,24,-20,-29,-45,0,0,0,-16,19,0,0,0,0,0,26,22,17,4,4,4,10,5,15,0,0,0,0,-3,0,0,0,0,0,0,0,0,0,0,0,0,0,0,60,42,138,116,95,105,564,450,5409,8,8,0,59,8,5057,-1385,-1246]} 1. e4 e5 2. Nf3 Nc6 3. Nc3 Nf6 4. d4 exd4 5. Nxd4 Bb4 6. Nxc6 bxc6 7. Bd3 d5 8. exd5 O-O {C47: Scotch Four Knights and Four Knights with 4 g3.} 9. O-O Bg4 (9... cxd5 {feels hotter.} 10. h3 c6 11. Bf4 Re8 12. Re1 Be6) 10. Be2 Bxe2 {The position is equal.} 11. Nxe2 cxd5 12. Bg5 c6 {[#]} 13. Qd4 $146 ({Predecessor:} 13. c3 Be7 14. Nd4 Qd7 15. Qa4 Rac8 16. Rfe1 h6 17. Bh4 Rfe8 18. Bxf6 Bxf6 19. Rxe8+ Qxe8 20. Qxa7 {½-½ (28) Rostgaard,T (2390)-Kollars,D (2581) Helsingor 2019}) 13... Be7 14. Rad1 Ne4 15. Bxe7 Qxe7 16. c4 (16. Rfe1 $142) 16... Rfd8 (16... Nd6 $142 17. Rfe1 Nxc4) 17. Nf4 {[%cal Rc4d5]} dxc4 $1 18. Qe3 $1 {With the idea Rde1.} Rxd1 19. Rxd1 {next Re1 is good for White.} Re8 20. Rd4 h6 21. Rxc4 Qd7 {[#] ( -> ...Qd1+)} 22. Qc1 Qf5 23. f3 Ng5 24. Rxc6 Qa5 $1 25. Rc8 Rxc8 $1 26. Qxc8+ Kh7 {[%cal Ra5e1] [#]} 27. Qc2+ g6 {[%cal Ra5e1]} 28. Nd3 Qxa2 29. h4 Ne6 30. Ne5 Qa1+ 31. Kh2 Qe1 32. Qe4 Qxe4 33. fxe4 $11 {[%mdl 4096] Endgame KN-KN} Kg7 34. Nc6 a6 35. e5 Nc5 36. b4 Nd3 37. Kg3 Kf8 (37... f5 $11) 38. Kf3 $14 Ke8 ({Black should try} 38... Ne1+ $1 $14 39. Kf2 Nc2) 39. Ke3 Ne1 40. g3 {Hoping for Nd4.} g5 $2 {[%mdl 8192]} (40... Nc2+ $16 41. Kd3 Ne1+ 42. Kc4 Kd7) 41. hxg5 $18 hxg5 (41... h5 $142 42. Nd4 h4) 42. Kd2 $2 ({Only move:} 42. Nd4 $18 {Threatens to win with Ke2.} Ke7 43. Ke2) 42... Nf3+ $11 43. Ke3 g4 (43... Ne1 $11) 44. Kf4 (44. Ke4 $1 $14) 44... a5 $2 {[%mdl 8192]} (44... Kd7 $11 45. Nb8+ (45. Kxg4 Nh2+ 46. Kh3 Kxc6 $11) 45... Ke6) 45. Nb8 $4 {[%mdl 8192]} (45. bxa5 $18 Nd2 46. a6) 45... a4 {Accuracy: White = 77%, Black = 59%.} 0-1